Catholic University of Zimbabwe Library
Online Public Access Catalogue
(OPAC)

Designing intelligent machines / (Record no. 5075)

MARC details
000 -LEADER
fixed length control field 01369cam a2200337 a 4500
001 - CONTROL NUMBER
control field 0000005273
005 - DATE AND TIME OF LATEST TRANSACTION
control field 20170406120509.0
008 - FIXED-LENGTH DATA ELEMENTS--GENERAL INFORMATION
fixed length control field 951003s1995 enka b 001 0 eng
010 ## - LIBRARY OF CONGRESS CONTROL NUMBER
LC control number 95210719
020 ## - INTERNATIONAL STANDARD BOOK NUMBER
International Standard Book Number 0750624043 (v. 1)
020 ## - INTERNATIONAL STANDARD BOOK NUMBER
International Standard Book Number 0750624035 (v. 2)
035 ## - SYSTEM CONTROL NUMBER
-- (DLC) 95210719
040 ## - CATALOGING SOURCE
Original cataloging agency DLC
Transcribing agency DLC
Modifying agency DLC
050 00 - LIBRARY OF CONGRESS CALL NUMBER
Classification number TJ163.12
Item number .D47 1995
245 00 - TITLE STATEMENT
Title Designing intelligent machines /
Statement of responsibility, etc. prepared by an Open University course team.
246 30 - VARYING FORM OF TITLE
Title proper/short title Mechatronics: designing intelligent machines
260 ## - PUBLICATION, DISTRIBUTION, ETC.
Place of publication, distribution, etc. Oxford ;
-- Boston :
Name of publisher, distributor, etc. Butterworth Heinemann ;
Place of publication, distribution, etc. Milton Keynes, UK :
Name of publisher, distributor, etc. Open University,
Date of publication, distribution, etc. 1995.
300 ## - PHYSICAL DESCRIPTION
Extent 2 v. :
Other physical details ill. ;
Dimensions 25 cm.
504 ## - BIBLIOGRAPHY, ETC. NOTE
Bibliography, etc. note Includes bibliographical references and indexes.
505 0# - FORMATTED CONTENTS NOTE
Formatted contents note v. 1. Perception, cognition, and execution / edited by George Rzevski -- v. 2. Concepts in artificial intelligence / by Jeffrey Johnson and Philip Picton.
650 #0 - SUBJECT ADDED ENTRY--TOPICAL TERM
Topical term or geographic name entry element Mechatronics.
650 #0 - SUBJECT ADDED ENTRY--TOPICAL TERM
Topical term or geographic name entry element Intelligent control systems.
650 #0 - SUBJECT ADDED ENTRY--TOPICAL TERM
Topical term or geographic name entry element Artificial intelligence.
700 1# - ADDED ENTRY--PERSONAL NAME
Personal name Rzevski, G.
Fuller form of name (George)
700 1# - ADDED ENTRY--PERSONAL NAME
Personal name Johnson, J.
Fuller form of name (Jeffrey)
700 1# - ADDED ENTRY--PERSONAL NAME
Personal name Picton, Philip.
710 2# - ADDED ENTRY--CORPORATE NAME
Corporate name or jurisdiction name as entry element Open University.
856 42 - ELECTRONIC LOCATION AND ACCESS
Materials specified Publisher description
Uniform Resource Identifier <a href="http://www.loc.gov/catdir/description/els032/95210719.html">http://www.loc.gov/catdir/description/els032/95210719.html</a>
856 41 - ELECTRONIC LOCATION AND ACCESS
Materials specified Table of contents
Uniform Resource Identifier <a href="http://www.loc.gov/catdir/toc/els032/95210719.html">http://www.loc.gov/catdir/toc/els032/95210719.html</a>
908 ## - PUT COMMAND PARAMETER (RLIN)
Put command parameter 141209
Holdings
Withdrawn status Lost status Source of classification or shelving scheme Damaged status Not for loan Home library Current library Shelving location Date acquired Total Checkouts Full call number Barcode Date last seen Copy number Price effective from Koha item type
          CUZ Harare Campus CUZ Harare Campus Open Shelf 06.04.2017   TJ 163.12 JOH BK0005399 22.05.2025 CU14041 06.04.2017 OS Book

OPENING HOURS

Weekdays: 0815hrs - 1800hrs
Weekends:0900hrs - 1200hrs

Closed for Mass:

Mon, Thur: 1200hrs - 1300hrs
Sunday & Public Holiday’s

CALL SUPPORT

0242-570570, 0242-570169
09200664, +263 8644140602

LOCATION

18443, Cranborne Avenue, Hatfield, Harare

Other Links


©2021 | CUZ Library